Văn học Việt Nam thế kỷ XX : Tiểu thuyết 1975-2000. Quyển 1, tập XXXV Q.1,T.35

Bewaard in:
Bibliografische gegevens
Formaat: Boek
Taal:Vietnamese
Gepubliceerd in: Văn học 2008
Tags: Voeg label toe
Geen labels, Wees de eerste die dit record labelt!
Thư viện lưu trữ: Mạng thư viện Đại học Đà Nẵng
LEADER 00718nam a2200241 4500
001 000023046
003 19495
005 20150526150502.0
008 150526s2008 viesd
020 |c 00 
041 0 |a vie 
082 1 4 |a 895922334  |b Vă-H 
245 1 0 |a Văn học Việt Nam thế kỷ XX : Tiểu thuyết 1975-2000. Quyển 1, tập XXXV  |b Q.1,T.35  |c biên soạn và tuyển chọn Nguyễn Cừ, Nguyễn Anh Vũ, Phạm Thị Ngọc. 
260 |b Văn học  |c 2008 
300 |a tr.  |c cm. 
OWN |a LSP 
999 |a From the UDN01 
TYP |a Monograph 
TYP |a Printed language 
980 |a Mạng thư viện Đại học Đà Nẵng